Personal recollections of the war. (Record no. 92394)
[ view plain ]
| 000 -LEADER | |
|---|---|
| fixed length control field | 01144cam a22002531 4500 |
| 001 - CONTROL NUMBER | |
| control field | war24000010 |
| 003 - CONTROL NUMBER IDENTIFIER | |
| control field | DLC |
| 005 - DATE AND TIME OF LATEST TRANSACTION | |
| control field | 20260227112812.0 |
| 007 - PHYSICAL DESCRIPTION FIXED FIELD--GENERAL INFORMATION | |
| fixed length control field | cr_||||||||||| |
| 008 - FIXED-LENGTH DATA ELEMENTS--GENERAL INFORMATION | |
| fixed length control field | 800512s1895 wiuc 000 0 eng c |
| 010 ## - LIBRARY OF CONGRESS CONTROL NUMBER | |
| LC control number | war24000010 |
| 035 ## - SYSTEM CONTROL NUMBER | |
| System control number | (OCoLC)6306759 |
| 040 ## - CATALOGING SOURCE | |
| Original cataloging agency | U.S. National War College Library |
| Transcribing agency | PCarlMH |
| Modifying agency | OCoLC |
| -- | DLC |
| 050 00 - LIBRARY OF CONGRESS CALL NUMBER | |
| Classification number | E601 |
| Item number | .R643 |
| 100 1# - MAIN ENTRY--PERSONAL NAME | |
| Personal name | Robertson, Robert Stoddart, |
| Dates associated with a name | 1839-1936. |
| 245 10 - TITLE STATEMENT | |
| Title | Personal recollections of the war. |
| Remainder of title | A record of service with the Ninety-third New York Vol. Infantry, and the First Brigade, First Division, Second Corps, Army of the Potomac, |
| Statement of responsibility, etc. | by Robert Stoddart Robertson. |
| 260 ## - PUBLICATION, DISTRIBUTION, ETC. | |
| Place of publication, distribution, etc. | Milwaukee, Wis., |
| Name of publisher, distributor, etc. | Swain & Tate Co., |
| Date of publication, distribution, etc. | 1895. |
| 300 ## - PHYSICAL DESCRIPTION | |
| Extent | 126 p. |
| Other physical details | front. (port.) |
| Dimensions | 23 cm. |
| 530 ## - ADDITIONAL PHYSICAL FORM AVAILABLE NOTE | |
| Additional physical form available note | Also available in digital form on the Internet Archive Web site. |
| 651 #0 - SUBJECT ADDED ENTRY--GEOGRAPHIC NAME | |
| Geographic name | United States |
| General subdivision | History |
| Chronological subdivision | Civil War, 1861-1865 |
| General subdivision | Personal narratives |
| 651 #0 - SUBJECT ADDED ENTRY--GEOGRAPHIC NAME | |
| Geographic name | United States |
| General subdivision | History |
| Chronological subdivision | Civil War, 1861-1865 |
| General subdivision | Regimental histories |
| -- | New York Infantry |
| -- | 93rd. |
| 610 20 - SUBJECT ADDED ENTRY--CORPORATE NAME | |
| Corporate name or jurisdiction name as entry element | New York Infantry. |
| Subordinate unit | 93d Regiment, 1861-1865 |
| 856 41 - ELECTRONIC LOCATION AND ACCESS | |
| Uniform Resource Identifier | <a href="http://hdl.loc.gov/loc.gdc/scd0001.00137850266">http://hdl.loc.gov/loc.gdc/scd0001.00137850266</a> |
No items available.